00628nam a2200217Ia 450000500170000000800410001704000190005804100120007708200160008924500430010526000270014830000110017550400190018665000230020565100190022870000260024785000100027394200070028399900170029095201030030720230228094042.0131103s9999 xx 000 0 und d aLoreto College aEnglish a821.08bSTA aFirst linescEdited by Jon Stallworthy aLondonbCarcanetc1978 a121p.  aIncludes index aEnglish Literature aEnglish poetry aStallworthy; Jon; ed. aLCLIB cBK c35906d86385 00102ddc4070aMAINbMAINd2013-11-04l0o821.08 STA 45679pB38766r2013-11-04w2013-11-04yBKf